Missing Word: 1954 Movies A-Z Quiz Stats

 Plays Quiz Updated Dec 27, 2019

Support Sporcle.
Go Orange.
Score 0/25 Timer 03:00
0 Plays Today
Letter Missing Word % Correct
AAnimal
96.9%
BBrides
95.1%
MMurder
94.6%
SStar
94%
UUnder
93.9%
LLagoon
92.8%
RRear
89.6%
KKing
87.6%
YYoung
86.9%
FFountain
86.2%
ZZero
86.1%
CCaine
80.8%
HHigh
80.5%
Letter Missing Word % Correct
WWaterfront
79.8%
VVera
70.6%
QQueen
68%
NNight
65%
PParis
51.7%
JJungle
37.4%
EEvil
28.9%
OObsession
25.8%
GGuitar
22.6%
DDemetrius
15.2%
IItaly
10.6%
TTuesday
9%

Today's Daily Dose

You're not logged in!

Compare scores with friends on all Sporcle quizzes.
OR
Log In

From the Vault

Hawaiian Islands Pick 'Em

by naqwerty3

We could certainly go for a tropical vacation right now.
Remove Ads.
Support Sporcle.
Get the best of Sporcle when you Go Orange. This ad-free experience offers more features, more stats, and more fun while also helping to support Sporcle. Thank you for becoming a member.

Show Comments

Extras

Top Quizzes Today


Score Distribution

Your Account Isn't Verified!

In order to create a playlist on Sporcle, you need to verify the email address you used during registration. Go to your Sporcle Settings to finish the process.

Report this User

Report this user for behavior that violates our Community Guidelines.

Details: